| 000 | 00349nam a22001457a 4500 | ||
|---|---|---|---|
| 082 | _aP-386 | ||
| 100 |
_aSyndicate #13 _948095 |
||
| 245 | _aSlope Stability Analysis of Murree Area | ||
| 260 |
_aRisalpur Cantt _bMCE |
||
| 300 | _aP 123 | ||
| 526 |
_a0 _b0 _c0 _dP_386 |
||
| 650 | _aProject | ||
| 700 |
_aDr. Farhat Javed _947908 |
||
| 942 |
_2ddc _cBK |
||
| 999 |
_c551133 _d551133 |
||